Statystyki dla Państwa większe od swoich sąsiadów

Kliknij tutaj aby rozwiązać quiz!

Ogólne statystyki

  • Ten quiz został rozwiązany 11 987 razy
  • Średni wynik to 8 z 14

Statystyki odpowiedzi

Kraj% Poprawnych
Rosja
99%
Kanada
89%
Brazylia
86%
Południowa Afryka
66%
Algieria
62%
Dem. Rep. Konga
59%
Arabia Saudyjska
58%
Wielka Brytania
58%
Szwecja
57%
Indonezja
56%
Iran
52%
Sudan
43%
Dominikana
27%
Nikaragua
21%

Rozkład punktacji

Percentyl według liczby udzielonych odpowiedzi

Procent ludzi z każdym wynikiem

Twoja historia wyników

Nie rozwiązałeś tego quizu